[Event "Open"]
[Site "Zadar CRO"]
[Date "2004.12.18"]
[Round "8"]
[White "Mandekic,I"]
[Black "Kristovic,M"]
[Result "1/2-1/2"]
[WhiteElo "2246"]
[BlackElo "2351"]

1.g3 e5 2.c4 Nc6 3.Bg2 Nf6 4.Nc3 Bb4 5.Nd5 O-O 6.Nxb4 Nxb4 7.d3 c6 8.Nf3 Re8
9.a3 Na6 10.b4 Nc7 11.Bb2 d6 12.O-O Bg4 13.h3 Bxf3 14.Bxf3 Ne6 15.Bg2 Qd7
16.e3 Qe7 17.Qb3 a5 18.Rae1 Nf8 19.Kh2 N8d7 20.e4 Reb8 21.d4 b5 22.c5 dxc5
23.dxc5 axb4 24.axb4 Ra4 25.Rd1 Qe6 26.Qc3 Qc4 27.f4 Re8 28.fxe5 Nxe5 29.Rf5 Qxc3
30.Bxc3 Nc4 31.Re1 Re6 32.Rf2 Ra3 33.Rc2 h5 34.Bf3 Ne5 35.Bg2 Nc4 36.Bf3 Nd2
37.Bg2 Nc4 38.Bf3 g6 39.Bg2 Rb3 40.Rd1 Ne3 41.Rd8+ Re8 42.Rxe8+ Nxe8 43.Rc1 Nxg2
44.Kxg2 f6 45.g4 hxg4 46.hxg4 Kf7 47.Kf2 Ke6 48.Ke2 Nc7 49.Kd3 Ra3 50.Rf1 Ne8
51.Rh1 g5 52.Rh6 Kf7 53.Rh7+ Ng7 54.Rh6 Ne8 55.Kc2 Kg7 56.Rh3 Ra2+ 57.Bb2 Ra7
58.e5 fxe5 59.Bxe5+ Kg6 60.Bc3 Ra2+ 61.Bb2 Nc7 62.Kb3 Ra8 63.Re3 Kf7 64.Rf3+ Ke7
65.Bf6+ Ke6 66.Bxg5 Rg8 67.Rf6+ Ke5 68.Rxc6 Nd5 69.Bd2 Rxg4 70.Rh6 Rg3+ 71.Kc2 Rg2
72.Rh4 Ne3+ 73.Kd3 Nf5 74.Bc3+ Kd5 75.Rf4 Rg3+ 76.Kc2 Ne3+ 77.Kb3 Kc6 78.Rf6+ Kd5
79.Rd6+ Ke4 80.Rd4+ Kf3 81.Rd6 Ke4 82.Rd4+ Kf5 83.c6 Rg6 84.Bd2 Nc4 85.c7 Rc6
86.Rd5+ Ke6 87.Rc5 Rxc5 88.bxc5 Nxd2+ 89.Kb4 Kd7  1/2-1/2

[Event "Open"]
[Site "Zadar CRO"]
[Date "2004.12.18"]
[Round "8"]
[White "Juric,S"]
[Black "Vukelic,Z"]
[Result "1-0"]
[WhiteElo "2197"]
[BlackElo "2063"]

1.c4 e5 2.g3 d6 3.Nc3 f5 4.Bg2 c6 5.d4 exd4 6.Qxd4 Nf6 7.Nh3 Be7 8.O-O O-O
9.Rd1 Be6 10.b3 h6 11.Ba3 Ne8 12.Nf4 Bf7 13.Qe3 Qd7 14.Rd2 Na6 15.Rad1 Rd8
16.Qxa7 g5 17.Nd3 Bf6 18.Na4 Ng7 19.Ne1 Ne8 20.Bb2 Bxb2 21.Rxb2 Qc7 22.Qd4 Qa5
23.Qb6 Qxb6 24.Nxb6 Nac7 25.Rbd2 Na8 26.Na4 Nac7 27.Nd3 Ra8 28.Nb4 Be6 29.f4 Ra5
30.Nc3 Kg7 31.a4 Ra7 32.e3 Na6 33.Nxa6 Rxa6 34.Bf3 Kg6 35.Kf2 g4 36.Bg2 h5
37.e4 Rb6 38.exf5+ Bxf5 39.Rb2 Be6 40.Bf1 h4 41.a5 Ra6 42.b4 Ra7 43.Ne4 d5
44.Nc5 hxg3+ 45.hxg3 Kf6 46.cxd5 cxd5 47.Bg2 Nc7 48.Re2 Bf5 49.Bxd5 Nxd5
50.Rxd5 Rh8 51.Rd6+ Kf7 52.Rb6 Rh2+ 53.Ke3 Rh3 54.Rg2 Bc8 55.Ne4 Ke7 56.Rc2 Bf5
57.Rc7+ Kd8 58.Rcxb7 Rxb7 59.Rxb7 Bxe4 60.Kxe4 Rxg3 61.a6 Kc8 62.Rg7 Kb8
63.Kf5 Rg1 64.Rxg4 Rb1 65.Rg7 Rxb4 66.Rb7+  1-0

[Event "zt 3.1 w"]
[Site "Beirut LIB"]
[Date "2004.12.19"]
[Round "7"]
[White "Al Hammadi,F"]
[Black "Mouradian,K"]
[Result "0-1"]
[WhiteElo "1935"]
[BlackElo "2119"]

1.c4 e5 2.g3 Nf6 3.Bg2 Be7 4.Nc3 d6 5.e3 c6 6.d4 Nbd7 7.Nge2 O-O 8.O-O Re8
9.b3 Qc7 10.Bb2 Nf8 11.Qc2 Bg4 12.h3 Bh5 13.f4 Bxe2 14.Nxe2 exf4 15.Nxf4 N8d7
16.Rf2 Bf8 17.Qd3 Re7 18.Raf1 Rae8 19.Bc1 Ne4 20.Bxe4 Rxe4 21.Ne2 Nf6 22.Nc3 R4e7
23.Rf4 Nh5 24.Rh4 g6 25.e4 Rd7 26.Qf3 Bg7 27.Be3 Qd8 28.Qf2 Bf8 29.Bg5 Qa5
30.Qf3 Qxg5 31.e5 Qxg3+ 32.Qxg3 Nxg3 33.Rg4 Nxf1  0-1

[Event "zt 3.1"]
[Site "Beirut LIB"]
[Date "2004.12.19"]
[Round "7"]
[White "Ghaem Maghami,E"]
[Black "Khairallah,F"]
[Result "1-0"]
[WhiteElo "2558"]
[BlackElo "2323"]

1.c4 e5 2.g3 Nf6 3.Bg2 c6 4.d4 exd4 5.Qxd4 d5 6.Nf3 Be7 7.cxd5 cxd5 8.O-O Nc6
9.Qa4 O-O 10.Nc3 Qb6 11.Qb5 Qxb5 12.Nxb5 Bf5 13.Bf4 Be4 14.Rfd1 a6 15.Nc3 Rad8
16.Rac1 Rfe8 17.Bc7 Rc8 18.Bb6 Bd8 19.Bxd8 Rcxd8 20.Nd4 Bxg2 21.Kxg2 Ne7
22.Na4 Nc6 23.Nxc6 bxc6 24.Rd2 Rd6 25.Rdc2 g5 26.Rxc6 Ree6 27.Rxd6 Rxd6 28.Rc8+ Kg7
29.Nc5 Ne4 30.b4 Nc3 31.Nb7 Rb6 32.Rxc3 Rxb7 33.Rb3 Kf6 34.Kf3 Ke5 35.Ke3 d4+
36.Kd3 f5 37.a4 Kd5 38.b5 Kc5 39.Rb1 Re7 40.bxa6  1-0

[Event "Open"]
[Site "Pamplona ESP"]
[Date "2004.12.22"]
[Round "2"]
[White "Teran Alvarez,I"]
[Black "Zamarbide Inarrea,D"]
[Result "1-0"]
[WhiteElo "2431"]
[BlackElo "1990"]

1.c4 e5 2.g3 Nc6 3.Bg2 f5 4.Nc3 Nf6 5.d3 Bc5 6.Nf3 d6 7.O-O O-O 8.a3 a5 9.Rb1 Qe8
10.e3 Qh5 11.d4 Ba7 12.Nd5 f4 13.dxe5 dxe5 14.exf4 e4 15.Nxf6+ Rxf6 16.Ng5 Bxf2+
17.Kxf2 Qxg5 18.Qd5+ Qxd5 19.cxd5 Ne5 20.Bxe4 Ng4+ 21.Kg2 Rh6 22.h3 Nf6 23.f5 Nxe4
24.Bxh6 gxh6 25.Rbc1 Nf6 26.g4 Nxd5 27.Kg3 Kf7 28.Rfe1 Bd7 29.Re2 Rd8 30.Rc5 c6
31.Rxa5 Bc8 32.Rc5 Rd6 33.Rc1 Bd7 34.Rce1 Kf6 35.Rd2 Kf7 36.Kf3 Kf6 37.Kg3 Kf7
38.Red1 Kf6 39.b3 Kf7 40.b4 Kf6 41.b5 Kf7 42.a4 b6 43.a5 bxa5 44.b6 Bc8 45.Ra1 Rd7
46.Rb2 Rb7 47.Rxa5 Nxb6 48.Ra6 Nc4 49.Rxb7+ Bxb7 50.Ra7 Nd6 51.Kf4 Kf6 52.h4 c5
53.g5+ hxg5+ 54.hxg5+ Ke7 55.Ra2 Be4 56.Ra7+ Bb7 57.Ra5 c4 58.Rc5 Kd7 59.Ke5 Ne4
60.Rxc4 Nxg5 61.Rd4+ Ke8 62.Rb4 Nf7+ 63.Kf6 Bc6 64.Rb8+ Nd8 65.Kg7 h5 66.f6 Bd5
67.Rb4 Bf7 68.Ra4 Be6 69.Ra7 Bd7 70.Ra5 Be6 71.Rxh5 Nf7 72.Ra5 Bc4 73.Ra8+ Nd8
74.Ra7 Ne6+ 75.Kh6 Nf8 76.Re7+ Kd8 77.Re4 Be6 78.Kg7 Ke8 79.Re1  1-0

[Event "1st IM"]
[Site "Mataro ESP"]
[Date "2004.12.27"]
[Round "2"]
[White "Vidarte Morales,A"]
[Black "Llorente Zaro,A"]
[Result "1/2-1/2"]
[WhiteElo "2375"]
[BlackElo "2321"]

1.c4 e5 2.g3 d6 3.Nc3 Nc6 4.Bg2 f5 5.Rb1 a5 6.a3 Be6 7.d3 Nf6 8.Nd5 Be7 9.b4 axb4
10.axb4 Qd7 11.b5 Nd8 12.Nh3 f4 13.Ng1 g5 14.Nxe7 Qxe7 15.Nf3 Nf7 16.Nd2 Rb8
17.Ne4 h5 18.Qa4 Nd7 19.e3 h4 20.exf4 h3 21.Bf3 exf4 22.gxf4 g4 23.Be2 Bf5
24.Qc2 Nc5 25.Nxc5 dxc5 26.b6 c6 27.Rg1 Rd8 28.Rg3 Rh6 29.Re3 Re6 30.Qc3 g3
31.Rxe6 Qxe6 32.Be3 gxh2 33.Kd2 Nd6 34.Qh8+ Ke7 35.Qg7+ Qf7 36.Qe5+ Qe6 37.Bxc5 Kf7
38.Bxd6 Rxd6 39.Qxe6+ Kxe6 40.Rh1 c5 41.Ke3 Kf6 42.Rxh2 Re6+ 43.Kd2 Rxb6
44.Bf3 Rb3 45.Be4 Bxe4 46.dxe4 Rf3 47.Ke2 Rxf4 48.f3 Rh4 49.Kf2 Ke5 50.Kg3 Rh7
51.Rxh3 Rg7+ 52.Kf2 Kd4 53.Rh1 Kxc4 54.Ke3 b5 55.Rc1+ Kb4 56.e5 c4 57.Kd4 Rd7+
58.Ke4 Kc5 59.e6 Re7 60.Ke5 b4 61.f4 b3 62.Rb1 Rb7 63.f5 c3 64.f6 c2 65.Rc1 Kb6
66.f7 b2 67.f8=Q bxc1=Q 68.Qb4+ Kc6 69.Qc4+ Kb6 70.Qb4+  1/2-1/2

[Event "21st Open"]
[Site "Boeblinger GER"]
[Date "2004.12.28"]
[Round "5"]
[White "Naundorf,M"]
[Black "Schaefer,Mi1"]
[Result "1-0"]
[WhiteElo "2135"]
[BlackElo "2192"]

1.c4 e5 2.g3 d6 3.Bg2 f5 4.Nc3 Nf6 5.d3 Be7 6.e4 Nc6 7.Nge2 O-O 8.O-O Qe8
9.exf5 Bxf5 10.d4 Qh5 11.f3 Qg6 12.d5 Nb4 13.a3 Nc2 14.Ra2 Bd3 15.Ne4 Bxe2
16.Qxe2 Nd4 17.Qd3 Nxe4 18.fxe4 Rxf1+ 19.Bxf1 Rf8 20.Be2 Qf7 21.Be3 Nf3+
22.Kh1 Ne1 23.Qb1 Bg5 24.Bg1 Nf3 25.Kg2 Nd2 26.Qc2 Qg6 27.Bd3 Qh5 28.h4 Qf3+
29.Kh2 Bxh4 30.gxh4 Rf4  1-0

[Event "20th Open"]
[Site "Nice FRA"]
[Date "2004.12.29"]
[Round "6"]
[White "Dunis,A"]
[Black "Perez,Fl"]
[Result "1-0"]
[WhiteElo "2461"]
[BlackElo "2230"]

1.c4 e5 2.g3 Nc6 3.Bg2 g6 4.Nc3 Bg7 5.e3 d6 6.Nge2 Be6 7.d4 Bxc4 8.d5 Bxe2
9.Qxe2 Nb8 10.Qb5+ Nd7 11.Qxb7 a6 12.O-O Ne7 13.e4 O-O 14.Qb4 f5 15.f3 h5
16.Qc4 f4 17.Bd2 Kh7 18.Bh3 Nb6 19.Qd3 Bh6 20.Rac1 c6 21.dxc6 Nxc6 22.Ne2 Ne7
23.gxf4 Nbc8 24.Kh1 Rb8 25.b3 exf4 26.Qxa6 d5 27.Ba5 Qe8 28.Bc7 Qb5 29.Qxb5 Rxb5
30.Nc3  1-0

[Event "GM"]
[Site "Augsburg GER"]
[Date "2004.12.31"]
[Round "5"]
[White "Reiss,T"]
[Black "Wolfsteiner,H"]
[Result "1/2-1/2"]
[WhiteElo "2430"]
[BlackElo "2352"]

1.c4 e5 2.g3 Nc6 3.Bg2 g6 4.Nc3 Bg7 5.e4 Nge7 6.Nge2 O-O 7.O-O d6 8.d3 Nd4
9.Nxd4 exd4 10.Nd5 Nxd5 11.cxd5 c5 12.dxc6 bxc6 13.Qa4 Bd7 14.Bf4 c5 15.Qa6 Be5
16.Bh6 Re8 17.f4 Bc8 18.Qa3 Bg7 19.Bxg7 Kxg7 20.b4 Rb8 21.bxc5 dxc5 22.Rfc1 Rb5
23.Qxa7 Ra5 24.Qb8 Ba6 25.Qb3 Qb8 26.Bf1 Qb4 27.Qxb4 cxb4 28.Rab1 Rb8 29.Rc2 Ra3
30.Rb3 Rxb3 31.axb3 Bc8 32.Be2 Be6 33.Rb2 Rc8 34.Kf2 Rc3 35.Ke1 Rc1+ 36.Kd2 Rh1
37.g4 f6 38.Ra2 Rxh2 39.f5 gxf5 40.gxf5 Bxb3 41.Ra7+ Bf7 42.Ke1 h5 43.Bd1 Kg8  1/2-1/2

[Event "112th ch-NZL"]
[Site "Wanganui NZL"]
[Date "2005.01.02"]
[Round "2"]
[White "McDonald,Jo"]
[Black "Bennett,H"]
[Result "1/2-1/2"]
[WhiteElo "2018"]
[BlackElo "2093"]

1.c4 e5 2.g3 Nc6 3.Bg2 d6 4.Nc3 Nge7 5.e4 g6 6.Nge2 Bg7 7.O-O O-O 8.d3 f5
9.Be3 Be6 10.Qd2 Rf7 11.Nd5 Qd7 12.f4 Raf8 13.Rac1 b6 14.d4 fxe4 15.Nxc7 Bg4
16.d5 Nd4 17.Bxd4 exd4 18.Ne6 e3 19.Qd3 Bxe2 20.Qxe2 Re8 21.Rcd1 Nf5 22.Bh3 Rxe6
23.dxe6 Qxe6 24.Rfe1 Rc7 25.b3 d5 26.cxd5 Qxd5 27.Bg2 Qd8 28.Qf3 Rc2 29.Bf1 Rxa2
30.Bc4+ Kf8 31.g4 Nh4 32.Qb7 Qe8 33.Qd5 Rd2 34.Qg8+ Ke7 35.Qxe8+ Kxe8 36.Bd5  1/2-1/2

[Event "XI Open A"]
[Site "Bosnjaci CRO"]
[Date "2005.01.07"]
[Round "7"]
[White "Plenkovic,Z"]
[Black "Sulc,D"]
[Result "1/2-1/2"]
[WhiteElo "2240"]
[BlackElo "2283"]

1.c4 e5 2.g3 Nf6 3.Bg2 Be7 4.Nf3 Nc6 5.O-O O-O 6.Nc3 d6 7.Rb1 a5 8.a3 Bf5
9.d3 Qd7 10.Ng5 h6 11.Nge4 Bh3 12.Nxf6+ Bxf6 13.Nd5 Bd8 14.f4 Bxg2 15.Kxg2 exf4
16.Bxf4 Ne7 17.Nxe7+  1/2-1/2

[Event "TCh-BEL 2004-5"]
[Site "Belgium BEL"]
[Date "2005.01.09"]
[Round "6"]
[White "Hauchard,A"]
[Black "Daels,M"]
[Result "1-0"]
[WhiteElo "2487"]
[BlackElo "2217"]

1.c4 e5 2.g3 Nf6 3.Bg2 d5 4.cxd5 Nxd5 5.Nc3 Nb6 6.Nf3 Nc6 7.O-O Be7 8.d3 O-O
9.a3 Be6 10.b4 f6 11.Bb2 Qd7 12.Ne4 Rfd8 13.Rc1 Rac8 14.Qc2 Qe8 15.Ba1 Qf7
16.Nc5 Bxc5 17.Qxc5 a5 18.bxa5 Rd5 19.Qc3 Rxa5 20.Ng5 fxg5 21.Bxc6 Rca8 22.Bxb7 R8a7
23.Bg2 Bd5 24.e4 Be6 25.Qd2 h6 26.Bc3 Rb5 27.Bb4 Na4 28.Qe3 Rab7 29.f4 gxf4
30.gxf4 exf4 31.Rxf4 Qg6 32.d4 Rg5 33.Rf2 Nb6 34.d5 Nxd5 35.exd5 Bxd5 36.Qd2 c6
37.Kh1 Rxg2 38.Rxg2 Rf7 39.Qxd5 cxd5 40.Rxg6 Kh7 41.Rd6  1-0

[Event "Tch-FIN 2004-5"]
[Site "Finland FIN"]
[Date "2005.01.15"]
[Round "6"]
[White "Lehtinen,H"]
[Black "Kiik,K"]
[Result "0-1"]
[WhiteElo "2404"]
[BlackElo "2436"]

1.c4 e5 2.g3 Nc6 3.Bg2 Nf6 4.Nc3 Bc5 5.a3 d6 6.b4 Bd4 7.Bb2 Be6 8.d3 O-O
9.Nf3 Bb6 10.e3 a6 11.O-O Qd7 12.Qc2 h6 13.Nd2 Bh3 14.Nb3 Bxg2 15.Kxg2 Ne7
16.e4 Ng6 17.f3 c6 18.c5 Ba7 19.Rad1 dxc5 20.bxc5 Qe7 21.Na4 Rad8 22.d4 Bb8
23.Nb6 Rfe8 24.d5 cxd5 25.exd5 Ba7 26.d6 Qe6 27.Na4 Rc8 28.Bc1 Qd7 29.Nb2 b6
30.Qd3 bxc5 31.Qxa6 e4 32.fxe4 c4 33.Nxc4 Rxe4 34.Ncd2 Re3 35.Rfe1 Rce8 36.Rxe3 Rxe3
37.Na5 Qh3+ 38.Kh1 Qh5 39.Qf1 Re2 40.Nf3 Rf2  0-1

[Event "ch-FRA Top 16 GpB"]
[Site "Vandoeuvre FRA"]
[Date "2005.02.04"]
[Round "1"]
[White "Becker,Marc1"]
[Black "Crouan,S"]
[Result "1-0"]
[WhiteElo "2384"]
[BlackElo "2229"]

1.c4 e5 2.g3 Nf6 3.Bg2 d5 4.cxd5 Nxd5 5.Nf3 Nc6 6.O-O Nb6 7.Nc3 Be7 8.a3 Be6
9.d3 O-O 10.Be3 Qd7 11.Rc1 f6 12.Ne4 Nd4 13.Nc5 Bxc5 14.Rxc5 Na4 15.Bxd4 exd4
16.Rxc7 Qxc7 17.Qxa4 Bd5 18.Qxd4 Rfd8 19.Qa4 b5 20.Qg4 Rab8 21.e4 Bf7 22.d4 b4
23.d5 bxa3 24.bxa3 Qc3 25.h4 h5 26.Qf4 a5 27.Kh2 Rb2 28.d6 Qxa3 29.e5 Qb4
30.Qc1 Re2 31.Qc7 Qb8 32.Nd4 Rxe5 33.Nc6 Qxc7 34.dxc7 Rc8 35.Nxe5 fxe5 36.Rc1  1-0

[Event "FSIMA February"]
[Site "Budapest HUN"]
[Date "2005.02.11"]
[Round "7"]
[White "Werner,Di"]
[Black "Martini,B"]
[Result "1-0"]
[WhiteElo "2312"]
[BlackElo "2333"]

1.g3 e5 2.c4 Nc6 3.Bg2 g6 4.Nc3 Bg7 5.e3 Nge7 6.Nge2 f5 7.d4 e4 8.f3 exf3
9.Bxf3 O-O 10.O-O d6 11.a3 Kh8 12.b4 Ng8 13.b5 Nce7 14.Bb2 g5 15.Qd2 Ng6
16.Bg2 Nf6 17.e4 Nxe4 18.Nxe4 fxe4 19.Rxf8+ Nxf8 20.Bxe4 Qe7 21.Nc3 Ne6 22.Nd5 Qd8
23.Rf1 g4 24.Nf6 d5 25.Bxd5 c6 26.Bxe6 Bxe6 27.d5 cxd5 28.Qc2 Bg8 29.Nh5 Bxb2
30.Qxb2+ d4 31.Rf8  1-0

[Event "FSIMB February"]
[Site "Budapest HUN"]
[Date "2005.02.14"]
[Round "10"]
[White "Johannesson,I"]
[Black "Nagy,Ben"]
[Result "0-1"]
[WhiteElo "2315"]
[BlackElo "2349"]

1.c4 e5 2.g3 Nf6 3.Bg2 c6 4.d4 e4 5.Nc3 d5 6.cxd5 cxd5 7.Bg5 Bd7 8.Bxf6 gxf6
9.Nxd5 Qa5+ 10.Nc3 f5 11.Qd2 Nc6 12.Nh3 O-O-O 13.Nf4 Bh6 14.d5 Nb4 15.O-O Bc6
16.Rfd1 Nxd5 17.Ncxd5 Rxd5 18.Qc2 Bxf4 19.gxf4 Rg8 20.e3 Rgd8 21.Bh3 Kb8
22.b4 Qxb4 23.Bxf5 Rg8+ 24.Kh1 Rxf5 25.Rab1 Ba4 26.Qe2 Bxd1  0-1

[Event "Aeroflot Open B"]
[Site "Moscow RUS"]
[Date "2005.02.20"]
[Round "6"]
[White "Obukhov,A"]
[Black "Looshnikov,N"]
[Result "1-0"]
[WhiteElo "2517"]
[BlackElo "2455"]

1.c4 e5 2.g3 c6 3.d4 Bb4+ 4.Bd2 Bxd2+ 5.Qxd2 d6 6.Nc3 Nf6 7.Bg2 O-O 8.e3 Be6
9.b3 Na6 10.Nge2 Qc8 11.h3 Rd8 12.d5 cxd5 13.cxd5 Bd7 14.Rc1 Qc5 15.O-O Rac8
16.g4 h6 17.f4 Re8 18.g5 Nh7 19.Ne4 Qb6 20.Rxc8 Bxc8 21.gxh6 exf4 22.Qd4 Qxd4
23.Nxd4 Bxh3 24.Nxd6 Rxe3 25.N6f5 Bxf5 26.Nxf5 Re5 27.Rc1 Rxf5 28.Rc8+ Nf8
29.h7+ Kxh7 30.Be4 Kg6 31.Rxf8 Nc5 32.Bxf5+ Kxf5 33.Rxf7+ Ke5 34.b4 Nd3 35.Rxb7 g5
36.a3 Kxd5 37.Rg7 Kc4 38.Rxg5 Ne1 39.Ra5  1-0

[Event "Aeroflot Open B"]
[Site "Moscow RUS"]
[Date "2005.02.22"]
[Round "8"]
[White "Moradiabadi,E"]
[Black "Filippov,An"]
[Result "1-0"]
[WhiteElo "2439"]
[BlackElo "2483"]

1.c4 e5 2.g3 Nc6 3.Bg2 g6 4.Nc3 Bg7 5.Rb1 f5 6.e3 Nf6 7.Nge2 O-O 8.O-O Kh8
9.d3 d6 10.b4 a6 11.a4 Qe7 12.Bd2 g5 13.f4 gxf4 14.exf4 a5 15.bxa5 Nxa5 16.fxe5 dxe5
17.Kh1 Nc6 18.Nd5 Qf7 19.Nec3 Ng4 20.h3 Nf6 21.Nb5 Ne8 22.Bc3 Be6 23.d4 exd4
24.Nxd4 Nxd4 25.Bxd4 c6 26.Ne3 Rd8 27.Bxg7+ Nxg7 28.Qb3 Bc8 29.Rf3 Qc7 30.Qc3 Rfe8
31.Nxf5 Bxf5 32.Rxf5 Rf8 33.Re5 Kg8 34.Rbe1 Rde8 35.Rxe8 Rxe8 36.Rxe8+ Nxe8
37.c5 Qg7 38.Qe3 Kf8 39.Kh2 Nc7 40.h4 Qe7 41.Qd4 Qf7 42.Qe5 Ne8 43.Qh8+ Ke7
44.Qd4 Qe6 45.Qb4 Nf6 46.Qxb7+ Kf8 47.Qb8+ Kg7 48.Qc7+ Kg8 49.Qb8+ Kg7 50.Qf4 Ng4+
51.Kg1 Qe1+ 52.Bf1 h5 53.a5 Qc3 54.Kh1 Qc2 55.Bg2 Qa2 56.Qc1 Nf2+ 57.Kg1 Ng4
58.Qe3 Kg8 59.Qe1 Qa3 60.Kh1 Qa2 61.Kg1 Qb2 62.Bxc6 Qd4+ 63.Kh1 Qxc5 64.Bf3 Nf6
65.a6 Qa3 66.Qe2 Kh7 67.Kg2 Kg6 68.Qb5 Qa2+ 69.Be2 Nd5 70.Kh3 Kf6 71.Bxh5  1-0

[Event "TCh-ISL 2004-5"]
[Site "Reykjavik ISL"]
[Date "2005.03.05"]
[Round "7"]
[White "Fridjonsson,J"]
[Black "Gretarsson,H"]
[Result "1-0"]
[WhiteElo "2200"]
[BlackElo "2495"]

1.c4 e5 2.g3 d6 3.Bg2 f5 4.d4 Nd7 5.Nc3 Ngf6 6.Nf3 Be7 7.O-O c6 8.dxe5 dxe5
9.Qc2 e4 10.Ng5 Ne5 11.Bf4 Qc7 12.b3 Nh5 13.Bc1 Ng4 14.Nh3 O-O 15.Nf4 Nhf6
16.Bb2 Bd6 17.Nh3 Nxh2 18.Kxh2 Bxg3+ 19.Kh1 Ng4 20.f3 Ne3 21.Qd2 f4 22.Nxe4 Qe7
23.Nxg3 Qh4 24.Qd4 Rf7 25.Nf5 Nxf5 26.Qf2 Ng3+ 27.Kh2 Re7 28.Rae1 Bd7 29.e4 Re6
30.Qd4 Nxf1+ 31.Rxf1 Qg3+ 32.Kh1 Rg6 33.Nxf4 Rh6+ 34.Kg1 Be8 35.Ne2 Qh2+
36.Kf2 Rg6 37.Rg1 Bf7 38.Qe5 Qh4+ 39.Ke3 Rd8 40.Rh1 Qg5+ 41.Nf4 Qxf4+ 42.Qxf4  1-0

[Event "Acropolis Women's GM Open"]
[Site "Athens GRE"]
[Date "2005.03.06"]
[Round "1"]
[White "Smokina,K"]
[Black "Iordanidou,Z"]
[Result "1-0"]
[WhiteElo "2241"]
[BlackElo "2022"]

1.c4 e5 2.g3 Nc6 3.Bg2 g6 4.Nc3 Bg7 5.e3 Nge7 6.Nge2 O-O 7.O-O f5 8.d3 f4
9.exf4 d6 10.Nd5 Kh8 11.Nec3 Nxd5 12.Nxd5 Ne7 13.fxe5 Nxd5 14.cxd5 Bxe5 15.Bh6 Rf7
16.d4 Bf6 17.Rc1 b6 18.Qd2 Bb7 19.Rfe1 Qd7 20.Re6 Rg8 21.Rce1 Qa4 22.b3 Qxd4
23.Re8 Rd7 24.Rxg8+ Kxg8 25.Re8+ Kf7 26.Rf8+ Ke7 27.Qxd4 Bxd4 28.Rb8 Bxd5
29.Bxd5 Kf6 30.Re8 g5  1-0

[Event "Open"]
[Site "Blackpool ENG"]
[Date "2005.03.11"]
[Round "1"]
[White "Rice,C"]
[Black "Gormally,D"]
[Result "0-1"]
[WhiteElo "2121"]
[BlackElo "2472"]

1.c4 e5 2.g3 Nf6 3.Bg2 d5 4.cxd5 Nxd5 5.Nf3 Nc6 6.O-O Nb6 7.Nc3 Be7 8.d3 O-O
9.a3 Be6 10.b4 a5 11.b5 Nd4 12.Bb2 Bb3 13.Qc1 Re8 14.Nxd4 exd4 15.Bxb7 Rb8
16.Bc6 dxc3 17.Qxc3 Bf6 18.Qxb3 Rxe2 19.Bxf6 Qxf6 20.Ra2 a4 21.Qb1 Rxa2 22.Qxa2 Qc3
23.Bd5 Nxd5 24.Qxd5 Qxa3 25.Re1 g6 26.Qd7 Qb2 27.b6 cxb6 28.Qxa4 b5 29.Qa7 Rd8
30.Qc7 Rxd3 31.Re8+ Kg7 32.Qe7 Qc1+ 33.Kg2 Qc6+ 34.Kh3 Qd7+ 35.Qxd7 Rxd7
36.Rb8 Rd5 37.f4 h6 38.Rb6 h5 39.Rb7 g5 40.fxg5 Rxg5 41.Rb6 f6 42.Kg2 Rc5
43.Kh3 Kg6 44.Rb8 Rf5 45.Rg8+ Kf7 46.Rb8 Ke6 47.g4 hxg4+ 48.Kxg4 Rg5+ 49.Kf4 Rh5
50.Rb6+ Kf7 51.Kg3 Kg6 52.h3 Rc5 53.Rb8 Rc3+ 54.Kg4 Rc4+ 55.Kg3 b4 56.h4 Kf5
57.Rb5+ Ke4 58.h5 f5 59.h6 f4+ 60.Kg4 f3 61.h7 f2 62.h8=Q Kd3+ 63.Kg5 f1=Q
64.Rd5+ Kc2 65.Qh2+ Kb3 66.Rf5 Qc1+ 67.Kf6 Qb2+ 68.Kf7 Qxh2  0-1

[Event "Open"]
[Site "Blackpool ENG"]
[Date "2005.03.12"]
[Round "2"]
[White "Lund,B"]
[Black "Hunt,H"]
[Result "1-0"]
[WhiteElo "2212"]
[BlackElo "2415"]

1.c4 e5 2.g3 Nc6 3.Bg2 d6 4.Nc3 Be6 5.d3 Qd7 6.b4 g6 7.b5 Nd8 8.e4 Bg7 9.Nge2 Ne7
10.h4 h6 11.h5 g5 12.f4 gxf4 13.gxf4 Bg4 14.f5 Bf6 15.Qc2 a6 16.bxa6 Rxa6
17.Be3 c6 18.Qd2 Ng8 19.Ng1 Be7 20.Bf3 Bxf3 21.Nxf3 f6 22.Nh4 Nf7 23.Ke2 Rh7
24.Ng6 Bd8 25.Qb2 Ng5 26.Rab1 Ba5 27.Nd1 Qc7 28.Nf2 Rd7 29.Ng4 Qd8 30.Qb3 Qa8
31.Rb2 Bd8 32.c5 d5 33.Bxg5 Ra3 34.Qc2 dxe4 35.Qc4 exd3+ 36.Kf2 Rd5 37.Nxh6 Nxh6
38.Bxh6 Qc8 39.Qg4 Rd4 40.Nf4 Kd7 41.Qg7+ Be7 42.Ng6  1-0

[Event "Acropolis Women's GM Open"]
[Site "Athens GRE"]
[Date "2005.03.13"]
[Round "8"]
[White "Bashkite,V"]
[Black "Paganoglou,A"]
[Result "1-0"]
[WhiteElo "2196"]
[BlackElo "1944"]

1.c4 e5 2.g3 Nc6 3.Bg2 Bc5 4.e3 d6 5.a3 a5 6.Ne2 f5 7.d4 Bb6 8.O-O Nf6 9.Nbc3 O-O
10.b3 Qe8 11.Nd5 Nxd5 12.cxd5 Ne7 13.dxe5 dxe5 14.Bb2 Ng6 15.Nc3 Bd7 16.d6 Bc6
17.Nd5 Rd8 18.dxc7 Bxc7 19.Nxc7 Qf7 20.Qc2 Qxc7 21.Bxc6 Qxc6 22.Qxc6 bxc6
23.Bc3 Rd3 24.Rac1 e4 25.Bxa5 Rxb3 26.Rxc6 Ne5 27.Rc7 Rf6 28.Bb4 Rh6 29.Kg2 Nd3
30.Bc3 Rg6 31.a4 Ra3 32.h4 Rxa4 33.h5 Rg5 34.h6 gxh6 35.Rb1 Ra8 36.Rbb7 Re8
37.Rxh7 Ne5 38.Rxh6 Rg7 39.Rb5 Rge7 40.Rf6 Nf7 41.Rbxf5 Rc7 42.Rg6+ Kf8 43.Bb4+  1-0

[Event "Open"]
[Site "Blackpool ENG"]
[Date "2005.03.13"]
[Round "4"]
[White "Lund,B"]
[Black "Quillan,G"]
[Result "1-0"]
[WhiteElo "2212"]
[BlackElo "2322"]

1.c4 e5 2.g3 Nf6 3.Bg2 d5 4.cxd5 Nxd5 5.Nf3 Nc6 6.O-O Be7 7.d4 e4 8.Ne5 f5
9.Nxc6 bxc6 10.Qc2 Qd6 11.Nc3 Be6 12.Na4 h5 13.Nc5 Bc8 14.f3 e3 15.f4 h4
16.Bxd5 cxd5 17.Bxe3 hxg3 18.hxg3 Qh6 19.Kf2 Qh2+ 20.Ke1 Rb8 21.b3 Qxg3+
22.Kd2 Qg6 23.Rh1 Rg8 24.Rag1 Qb6 25.Ke1 Bxc5 26.dxc5 Qf6 27.Qd2 d4 28.Bxd4 Qc6
29.Rh7 Be6 30.Rgxg7 Rxg7 31.Bxg7 Qxc5 32.Rh8+ Kf7 33.Bd4 Qd5 34.Rh7+ Kg8
35.Rg7+ Kf8 36.Qc3 Rd8 37.Bc5+ Ke8 38.Re7+ Kf8 39.Qg7+  1-0

[Event "Match"]
[Site "Vinkovci CRO"]
[Date "2005.03.18"]
[Round "6"]
[White "Goric,E"]
[Black "Brkic,A"]
[Result "0-1"]
[WhiteElo "2381"]
[BlackElo "2458"]

1.c4 e5 2.g3 Nf6 3.Bg2 d5 4.Qc2 Nc6 5.cxd5 Nxd5 6.d3 Be7 7.Nf3 O-O 8.O-O Re8
9.Nc3 Nb6 10.Ne4 Bf8 11.a3 Bg4 12.Be3 Nd5 13.Nc5 Nxe3 14.fxe3 Bxc5 15.Qxc5 Qd6
16.Qxd6 cxd6 17.h3 Be6 18.Rac1 h6 19.Nd2 Rac8 20.Rc3 d5 21.Rcc1 Ne7 22.Kf2 b6
23.h4 f6 24.Rfd1 Kf7 25.Nb1 d4 26.Bb7 Rb8 27.Rc7 Red8 28.e4 Rd7 29.Rxd7 Bxd7
30.Ba6 b5 31.Rc1 Rb6 32.Rc7 Ke6 33.Rxa7 Nc6 34.Ra8 Nb8 35.Bxb5 Bxb5 36.Nd2 Bc6
37.Ra7 Rxb2 38.Nc4 Rb7 39.Ra5 Bb5 40.Nd2 Nc6 41.Ra8 Rb8 42.Rxb8 Nxb8 43.Kf3 g5
44.Kg4 Be8 45.hxg5 hxg5 46.Nc4 Na6 47.Nb6 Nc5 48.Kf3 Bc6 49.Kg4 Na4 50.Kf3 Nxb6  0-1

[Event "Norwegian Open"]
[Site "Oslo NOR"]
[Date "2005.03.20"]
[Round "2"]
[White "Brynell,S"]
[Black "Byklum,B"]
[Result "1/2-1/2"]
[WhiteElo "2464"]
[BlackElo "2224"]

1.c4 e5 2.g3 Nf6 3.Bg2 Nc6 4.Nc3 Bc5 5.a3 a6 6.e3 O-O 7.Nge2 Ba7 8.O-O d6
9.b4 Bf5 10.e4 Bg4 11.h3 Bh5 12.d3 Nd4 13.Be3 Nxe2+ 14.Nxe2 Bxe3 15.fxe3 Bxe2
16.Qxe2 a5 17.Bf3 c6 18.Qd2 h6 19.Kg2 Qb6 20.Rfb1 axb4 21.axb4 Ra7 22.Rxa7 Qxa7
23.Kf2 Ra8  1/2-1/2

[Event "ch-Privolzhsky Region"]
[Site "Ishevsk RUS"]
[Date "2005.03.22"]
[Round "7"]
[White "Askarov,M"]
[Black "Kalegin,E"]
[Result "0-1"]
[WhiteElo "2434"]
[BlackElo "2468"]

1.g3 e5 2.c4 d6 3.Bg2 Nf6 4.Nc3 g6 5.e3 Bg7 6.Nge2 Nc6 7.O-O O-O 8.h3 Bd7
9.f4 a6 10.d3 Rb8 11.g4 exf4 12.exf4 h5 13.g5 Nh7 14.Nd5 Nd4 15.Kh2 Nf5 16.Ng3 Nxg3
17.Kxg3 c6 18.Ne3 f6 19.gxf6 Qxf6 20.Be4 Qe6 21.f5 Qe5+ 22.Kg2 gxf5 23.Bf3 f4
24.Nc2 Ng5 25.Kh2 Qe6 26.Bg2 f3 27.Bxg5 fxg2 28.Rxf8+ Rxf8 29.Qxh5 Rf2 30.Ne3 Be5+
31.Kg1 Rxb2 32.Qg4 Qf7 33.Qh4 Qf3 34.Bh6 Bf6 35.Qf4 Qxh3 36.Qh2 Re2  0-1

[Event "ch-EU"]
[Site "Cork IRL"]
[Date "2005.03.25"]
[Round "4"]
[White "Bischoff,K"]
[Black "Jonkman,H"]
[Result "1-0"]
[WhiteElo "2555"]
[BlackElo "2399"]

1.c4 e5 2.g3 Nf6 3.Bg2 h6 4.d3 Bb4+ 5.Nd2 O-O 6.a3 Bc5 7.Ngf3 Re8 8.O-O a5
9.b3 d6 10.Bb2 Nbd7 11.e3 Nf8 12.h3 Ne6 13.Qc2 c6 14.Bc3 Bb6 15.b4 Ng5 16.Nxg5 hxg5
17.g4 axb4 18.axb4 Rxa1 19.Rxa1 Be6 20.c5 Bc7 21.Nf3 Nd7 22.cxd6 Bxd6 23.d4 Bd5
24.dxe5 Bb8 25.Rd1 Bxf3 26.Bxf3 Qe7 27.Qf5 Nxe5 28.Bxe5 Qxe5 29.Qxe5 Bxe5
30.Rd7 Rb8 31.b5 cxb5 32.Bd5 b6 33.Bxf7+ Kh7 34.Rd5 Bf6 35.h4 g6 36.hxg5 Be7
37.Re5 Bc5 38.Re6 b4 39.Bxg6+ Kg7 40.Be4 Rd8 41.Re5 Rd1+ 42.Kg2 Rd2 43.Kf3 b3
44.Rd5  1-0

[Event "Western Pacific Open"]
[Site "Burbank USA"]
[Date "2005.03.26"]
[Round "2"]
[White "Kurosaki,T"]
[Black "Kretchetov,A"]
[Result "0-1"]
[WhiteElo "2073"]
[BlackElo "2326"]

1.c4 e5 2.g3 Nc6 3.Bg2 d6 4.Nc3 Be6 5.d3 Qd7 6.a3 g6 7.b4 Bg7 8.b5 Nd8 9.e4 Ne7
10.Nd5 O-O 11.h4 c6 12.Nxe7+ Qxe7 13.a4 f5 14.Bg5 Qd7 15.Rc1 d5 16.exd5 cxd5
17.Ne2 Nf7 18.Be3 a6 19.Bb6 axb5 20.axb5 Rfc8 21.d4 e4 22.Nf4 Bh6 23.Nxe6 Qxe6
24.Bc5 Bxc1 25.Qxc1 b6 26.Bb4 Rxc4 27.Qb2 Qc8 28.O-O Rc2 29.Qb1 Raa2 30.h5 Rab2  0-1

[Event "43rd Doeberl Cup"]
[Site "Canberra AUS"]
[Date "2005.03.27"]
[Round "6"]
[White "Steadman,M"]
[Black "Wright,I"]
[Result "1-0"]
[WhiteElo "2222"]
[BlackElo "2106"]

1.c4 e5 2.g3 g6 3.Bg2 Bg7 4.Nc3 Nc6 5.e4 d6 6.Nge2 Nge7 7.O-O O-O 8.d3 f5
9.Rb1 Be6 10.Nd5 h6 11.b4 Qd7 12.b5 Nd8 13.a4 g5 14.Nxe7+ Qxe7 15.exf5 Bxf5
16.Nc3 c6 17.Ba3 Qd7 18.Ne4 Nf7 19.Qb3 Rfd8 20.a5 a6 21.bxc6 bxc6 22.Qa4 Rab8
23.Rb6 Rxb6 24.axb6 Qb7 25.Rb1 Bxe4 26.Bxe4 d5 27.Bg2 Bf8 28.c5 Rd7 29.Bh3 Re7
30.Bb2 Re8 31.Ba3 Nd8 32.Bb4 h5 33.Bf5 Qf7 34.Bc8 h4 35.Qxa6 Ne6 36.Bxe6 Rxe6
37.Qc8 Rf6 38.Rb2  1-0